000 00473nam a2200169Ia 4500
999 _c28894
_d28894
003 OSt
005 20201229132007.0
008 190216s9999||||xx |||||||||||||| ||und||
040 _coclc
082 _a894.812301
_bSRE/S
100 _aSreekumar, K
_97440
245 0 _aSreebudhan /
_cK Sreekumar
260 _bLipi Publications,
_aKozhikode:
_c2006.
300 _a64p
650 _aKathakal
942 _cBK
_2ddc
_h894.812301
_iSRE/S
_k894.812301
_mSRE/S